| 000 | 00394nam a22001697a 4500 | ||
|---|---|---|---|
| 005 | 20160616121912.0 | ||
| 008 | 160616b xxu||||| |||| 00| 0 eng d | ||
| 020 | _a978-81-7446-697-6 | ||
| 041 | _aeng | ||
| 082 | _b7970 | ||
| 100 |
_aApte, D.P. _92099 |
||
| 245 | _aStatistical Tools for Managers | ||
| 260 |
_bExcel book _c2009 |
||
| 300 | _a645 | ||
| 650 |
_aManagement _9241 |
||
| 942 | _cBK | ||
| 999 |
_c2939 _d2938 |
||